Normal view
MARC view
- Abid, Adeel Bin
Entry Personal Name
001 - CONTROL NUMBER
- control field: 125979
003 - CONTROL NUMBER IDENTIFIER
- control field: NUST
005 - DATE AND TIME OF LATEST TRANSACTION
- control field: 20240923112429.0
008 - FIXED-LENGTH DATA ELEMENTS
- fixed length control field: 240923|| aca||aabn | a|a d
040 ## - CATALOGING SOURCE
- Original cataloging agency: NUST
- Transcribing agency: NUST
100 ## - HEADING--PERSONAL NAME
- Personal name: Abid, Adeel Bin
670 ## - SOURCE DATA FOUND
- Source citation: Work cat.: (NUST): Abid, Adeel Bin, High Gain Beam Scanning Antenna using Ridge Gap Waveguide Technology /
